000 00690nam a2200289Ia 4500
005 20260324143000.0
008 008 260324s9999 xx 000 0 eng d
020 _a9780429333026
037 _aEBOOK
040 _aCRL
040 _beng
040 _cCRL
041 _2eng
041 _aeng
084 _qCRL
100 _aDavid R. Lide
_91196535
245 0 _aBasic Laboratory and Industrial Chemicals
245 2 _bA CRC Quick Reference Handbook
260 _bTaylor and Francis
260 _c1993
365 _a
365 _b370
856 _uhttp://www.taylorfrancis.com/books/9780429333026
942 _cEBOOK
999 _c1818797
_d1818797